|
|
|
|
| LEADER |
01152nam a2200349 a 4500 |
| 001 |
000003356 |
| 003 |
CZ BrMZK |
| 005 |
20090205100043.0 |
| 007 |
ta |
| 008 |
930426s1993 xr e f cze d |
| 020 |
|
|
|a 80-901238-8-0
|c 35.00
|
| 040 |
|
|
|a BOA001
|b cze
|
| 041 |
1 |
|
|a cze
|a fre
|
| 080 |
|
|
|a 811.133.1
|2 MRF
|
| 080 |
|
|
|a 811.162.3
|2 MRF
|
| 080 |
|
|
|a 81'24
|2 MRF
|
| 080 |
|
|
|a 81'373
|2 MRF
|
| 080 |
|
|
|a (035)
|2 MRF
|
| 100 |
1 |
|
|a Stépan, Jacques Louis
|
| 245 |
1 |
0 |
|a Francouzština do kapsy :
|b 1.600 praktických vět : 3.000 slovíček : Gramatika : Turistický průvodce /
|c Odb. překl. ... ; Čes. text Tomáš Modlík
|
| 250 |
|
|
|a 1. vyd.
|
| 260 |
|
|
|a Bučovice :
|b RO-TO-M,
|c 1993
|
| 300 |
|
|
|a 384 s.
|
| 650 |
0 |
7 |
|a francouzština
|7 ph135297
|2 czenas
|
| 650 |
0 |
7 |
|a čeština
|7 ph135292
|2 czenas
|
| 650 |
0 |
7 |
|a konverzace
|7 ph166079
|2 czenas
|
| 650 |
0 |
7 |
|a slovní zásoba
|7 ph166083
|2 czenas
|
| 655 |
|
7 |
|a příručky
|7 fd133209
|2 czenas
|
| 700 |
1 |
|
|a Modlík, Tomáš
|7 jx20040726052
|
| 910 |
|
|
|a BOA001
|b 1-0991.595
|
| 990 |
|
|
|a BK
|
| 996 |
6 |
|
|b 2610001778
|c 1-0991.595
|l MZK
|r Sklad / do 1 hodiny
|n 20
|p p.v.
|w 000003356
|u 000010
|a 1
|e BOA001
|j MZK50
|s P
|